Oceanography an Illustrated guide

Saved in:
Bibliografiske detaljer
Main Authors: Summerhayes, C. P (Author), Thorpe, S. A (Author)
Format: Bog
Sprog:engelsk
Udgivet: Nueva York John Wiley 1996
Fag:
Tags: Tilføj Tag
Ingen Tags, Vær først til at tagge denne postø!

MARC

LEADER 00000nam a2200000 a 4500
001 UCU9417
003 CL-VaPUC
008 960816e19960000US |||||||||||||||||eng|d
082 0 4 |a 551.48  |b SUM  |2 21 
100 0 |a Summerhayes, C. P  |e author  |9 368535 
700 0 |a Thorpe, S. A  |e author  |9 368536 
245 1 0 |a Oceanography an Illustrated guide 
300 |a 352 p 
942 |c BK 
945 |d 19960816 00:00:00  |a rleighto 
260 |a Nueva York  |b John Wiley  |c 1996 
650 0 |a Oceanografía  |9 260014 
650 0 |a Océanos   |9 344473 
650 7 |a MARES  |2 CL-VaPUC  |9 358168 
650 7 |a MEDICIONES OCEANOGRAFICAS  |2 CL-VaPUC  |9 368537 
650 7 |a EXPLORACION OCEANICA  |2 CL-VaPUC  |9 368538 
650 0 |a Recursos marinos  |9 261196 
650 7 |a MEDIO AMBIENTE MARINO  |2 CL-VaPUC  |9 368539 
650 0 |a Investigación científica  |9 259857 
583 |a last modification  |c 20121104 09:07:52  |k Rodrigo Vera 
999 |c 251165  |d 251163 
952 |0 0  |1 0  |2 ddc  |4 0  |6 551_480000000000000_SUM_1996  |7 0  |8 A  |9 270144  |a BIBCUR  |b BIBCUR  |d 2019-11-19  |i 3220532  |o 551.48 SUM 1996  |p 3220532  |r 2025-04-22  |w 2019-11-19  |y BK  |k CIM